BSOP header

Early Christian interpretations of the Scriptures of Israel : (Record no. 2794)

MARC details
000 -LEADER
fixed length control field 00893nam a2200217 4500
008 - FIXED-LENGTH DATA ELEMENTS--GENERAL INFORMATION
fixed length control field 010814s1997 us 0 engYA
020 ## - INTERNATIONAL STANDARD BOOK NUMBER
International Standard Book Number 1850756791
090 ## - LOCALLY ASSIGNED LC-TYPE CALL NUMBER (OCLC); LOCAL CALL NUMBER (OCLC)
Classification number (OCLC) (R) ; Classification number, CALL (RLIN) (NR) BS1188
Local cutter number (OCLC) ; Book number/undivided call number, CALL (RLIN) Ea7e
245 10 - TITLE STATEMENT
Title Early Christian interpretations of the Scriptures of Israel :
Remainder of title investigations and proposals /
Statement of responsibility, etc edited by Craig A. Evans and James A. Sanders.
260 ## - PUBLICATION, DISTRIBUTION, ETC. (IMPRINT)
Place of publication, distribution, etc England :
Name of publisher, distributor, etc Sheffield Academic Press,
Date of publication, distribution, etc c1997.
300 ## - PHYSICAL DESCRIPTION
Extent 476 p.
490 1# - SERIES STATEMENT
Series statement Journal for the study of the Old Testament supplement series;
Volume number/sequential designation 148
490 1# - SERIES STATEMENT
Series statement Studies in Scripture in early Judaism and Christianity;
Volume number/sequential designation 5
504 ## - BIBLIOGRAPHY, ETC. NOTE
Bibliography, etc Biblio. : pp. 443-446.
650 #4 - SUBJECT ADDED ENTRY--TOPICAL TERM
Topical term or geographic name as entry element Bible. N.T.
General subdivision Relation to the Old Testament.
650 #4 - SUBJECT ADDED ENTRY--TOPICAL TERM
Topical term or geographic name as entry element Bible. O.T.
General subdivision Criticism, interpretation, etc.
951 ## - EQUIVALENCE OR CROSS-REFERENCE-GEOGRAPHIC NAME/AREA NAME [OBSOLETE] [CAN/MARC only]
General subdivision 00014488
700 1# - ADDED ENTRY--PERSONAL NAME
Personal name Evans, Craig A.
700 1# - ADDED ENTRY--PERSONAL NAME
Personal name Sanders, James A.
950 0# - LOCAL HOLDINGS (RLIN)
-- 5/44.50
951 ## - EQUIVALENCE OR CROSS-REFERENCE-GEOGRAPHIC NAME/AREA NAME [OBSOLETE] [CAN/MARC only]
-- 23880
-- BS1188/Ea7e
-- 070613110943781
-- 2000-12-21
-- REF
Holdings
Withdrawn status Lost status Damaged status Not for loan Home library Current library Shelving location Date acquired Accession number Shelving control number Total Checkouts Full call number Barcode Date last seen Price effective from Koha item type
        BSOP Library BSOP Library Reference 12/21/2000 23880 127   BS1188/Ea7e 00014488 02/23/2013 02/23/2013 Books
BSOP

Biblical Seminary of the Philippines
  All rights Reserved
  © 2024

CONTACT INFORMATION

Biblical Seminary of the Philippines,
  77-B Karuhatan Road, Valenzuela City,
  PHILIPPINES 1441
  Phone: +632 8292-6795 / 8292-6798
  Fax : +632 8292-6675
  Email: library@bsop.edu.ph